000
00289nam a2200121 a 4500
008
101208s1984|||| d
100
1
_a
Tomášek, Zdeněk
245
1
0
_a
Fotografujeme na černobíly film
260
_b
Merkur
_a
Praha
_c
1984
020
_c
9,50
041
_a
ces
044
_a
CZ
999
_c
14910
_d
14910